| Tag |
First Indicator |
Second Indicator |
Subfields |
| LEADER |
00000cam a2200000 a 4500 |
| 001 |
in00001359708 |
| 005 |
20151006071825.0 |
| 007 |
hd afu---baca |
| 008 |
850409s1821 xx a 000 0 eng d |
| 035 |
|
|
|a (OCoLC)11899702
|
| 035 |
|
|
|9 AHH4111AM
|
| 040 |
|
|
|a IBS
|c IBS
|d POF
|d UtOrBLW
|
| 049 |
|
|
|a TXAI
|
| 090 |
|
|
|a PS586
|b .A450 pt. 2, no. 315
|
| 099 |
|
|
|a film
|a B
|a 3870
|a Segment II, no. 315)
|
| 100 |
1 |
|
|a Bryant, William Cullen,
|d 1794-1878.
|
| 245 |
1 |
0 |
|a Poems /
|c by William Cullen Bryant.
|
| 264 |
|
1 |
|a Cambridge :
|b [publisher not identified],
|c 1821
|
| 264 |
|
3 |
|b Hilliard & Metcalf
|
| 300 |
|
|
|a 44 pages ;
|c 18 cm.
|
| 336 |
|
|
|a text
|b txt
|2 rdacontent
|
| 337 |
|
|
|a microform
|b h
|2 rdamedia
|
| 338 |
|
|
|a microfilm reel
|b hd
|2 rdacarrier
|
| 500 |
|
|
|a First edition.
|
| 510 |
4 |
|
|a BAL
|c 1587
|
| 533 |
|
|
|a Microfilm.
|b New Haven, Conn. :
|c Research Publications,
|d 1975.
|e 1 microfilm reel ; 35 mm.
|f (American Poetry, 1609-1900 ; Segment II, no. 315)
|
| 539 |
|
|
|a s
|b 1975
|d ctu
|e n
|
| 500 |
|
|
|a Microform.
|
| 999 |
|
|
|a MARS
|
| 999 |
f |
f |
|s c7791dc6-c741-3fa5-b215-a4e73f31e2c7
|i 4e479d74-fb43-322e-bb20-0b1f6b18b404
|t 0
|
| 952 |
f |
f |
|p default
|a Texas A&M University
|b College Station
|c Sterling C. Evans Library
|d Evans: Microforms (3rd floor)
|t 0
|e film B 3870 Segment II, no. 315
|h Other scheme
|i microform -- microfilm reel
|
| 998 |
f |
f |
|a film B 3870 Segment II, no. 315
|t 0
|l Evans: Microforms (3rd floor)
|